000 00321nam a22001337a 4500
008 181217b xxu||||| |||| 00| 0 eng d
020 _a9780735524286
041 _aeng
080 _22nd
_a341
100 _a15
101 _aSHJ
245 _aConstitutional Law Principles and Policies
_cChemerinsky,E
942 _2udc
_cBK
999 _c53134
_d53134